000
00202 a2200097 4500
001
9579
100
_a
DeBakey, M
245
_a
The Living Heart
260
_a
_b
Grosset & Duncap
_c
090
_c
7619
_d
7619
942
_a
NUST-CAE
_c
M
_c
34288
999
_c
244652
_d
244652